Vista normal Vista MARC
  • REGISTROS

Entrada Topical Term

Número de registros utilizados en: 5

001 - CONTROL NUMBER

  • control field: 4197

003 - CONTROL NUMBER IDENTIFIER

  • control field: OSt

005 - DATE AND TIME OF LATEST TRANSACTION

  • control field: 20160215134822.0

008 - FIXED-LENGTH DATA ELEMENTS

  • fixed length control field: 160215|| aca||aabn | a|a d

040 ## - CATALOGING SOURCE

  • Original cataloging agency: OSt
  • Transcribing agency: OSt

150 ## - HEADING--TOPICAL TERM

  • Topical term or geographic name entry element: REGISTROS

670 ## - SOURCE DATA FOUND

  • Source citation: Work cat.: (OSt)6635: Ureña Rivera, Karen 4196, Informe de Práctica Supervisada realizado en la Oficina de Supervisión de Circuito 08 del Ministerio de Educación Pública, 2014